000 00461nam a22001817a 4500
003 MPLRDC
005 20220104124026.0
008 210129b ||||| |||| 00| 0 eng d
020 _a7-5419-8406-X
082 _a310.7 LJY v.4
100 _a李济元 主编
245 _a举一反三: 四年级
_c
250 _a一版八刷
260 _a中国
_b陕西人民教育出版社
_c2003
300 _b292
650 _a数学总论
942 _cBK
_o310.7 LJY v.4
999 _c16052
_d16042